Дело по отношению Первого департамента Министерства государственных имуществ об отнесении на счёт земских сборов Ярославской губ...

Доступно только в Электронных читальных залах Найти на картеНа карте
RUSMARC
00003804nmc2a2200000 x 450
0019d02fe62-73d0-41f0-99a7-178d88250d7e
00520171117234900.0
100##$a20160830l18461851k l0rusy0189 ca
1010#$arus
102##$aRU
2001#$aДело по отношению Первого департамента Министерства государственных имуществ об отнесении на счёт земских сборов Ярославской губернии некоторых значительных мостов, лежащих на натуральной повинности государственных крестьян
$j2 июля 1846 г. - 11 мая 1851 г.
251##$cДело
300##$aДело
801#0$aRU
$bРГИА
$c20160830
$gRCR
801#1$aRU
$bГлавНИВЦ
$c20160830
$2rusmarc
801#2$aRU
$bПБ им. Б.Н. Ельцина
$c20171117
$gRCR
$2rusmarc
850##$aРГИА
852##$aРГИА
$eФедеральное казенное учреждение "Российский государственный исторический архив" (РГИА)
$j1344
937##$hРГИА
$d12207064
$aASBIBLIO_SCAN
462#0$1001a27eaba9-7cb9-40a7-a26f-8911768d1c13
$12001
$a1846-1847 гг. Дела Департамента полиции исполнительной за 1846 г.
$1251
$cОпись
$1852
$j10
461#0$10013e300ed0-cd39-49af-8489-5ba5b90fa401
$12001
$aДепартамент полиции исполнительной МВД
$1251
$cФонд
$1852
$j1286
215##$a55 л.
$d36,5х26 см
371##$aДокумент не является опубликованным и широко распространяемым
105##$ay###
1222#$ad
035##$a9d02fe62-73d0-41f0-99a7-178d88250d7e
856##$uhttp://readingroom.main.prlib.ru/item.aspx?id_node=n109240511&mode=full
Формат отображения